000 00856nam a22002417a 4500
003 OSt
005 20180116192422.0
008 140625t xxu||||| |||| 00| 0 eng d
040 _csada
082 _221
_a693.83
_bAGA
110 0 _aAga Khan Planning and Building Service Pakistan.
_97569
245 1 0 _aBACIP ka deesi greezar bashmool bukhari banany ka kitabcha.
246 0 _aNineteen examples of wall insulation.
260 _aS.L :
_bS.N,
_cn.d.
300 _a36 p.;ill.
650 1 0 _2LCSH
_aThermal insulation.
_bHimalayas.
_97570
710 1 _aEuropean Union.
_97571
710 1 _aAustrian Development Cooperation.
_97572
710 1 _aAGA Khan foundation. (Pakistan)
_97573
710 1 _aHundreds of original Projects for Employment. (HOPE83)
_97574
710 1 _aBuilding and Construction Improvement Programme - BACIP
_97575
942 _2ddc
_cBK
999 _c353961
_d353961